00407nam a2200109Ia 4500082001900000245006600019100005000085942000700135008004100142999001900183952009500202 aMERM-PCRL-PEZL 0aXilolwana xa nkateko na mphikizano wa xibye xa Cola [Tsonga]  a VARKEL, Adrian Johannesburg, 2008 914995 cBK210817s9999 xx 000 0 und d c217800d217799 00104070aEZENLbEZENLd2021-08-18g77.00l0p33228021881840r2021-08-18w2021-08-18yBK